अन्तराष्ट्रीय व्यवसाय परिवेश/ (Record no. 210267)

MARC details
000 -LEADER
fixed length control field 00760nam a22002057a 4500
005 - DATE AND TIME OF LATEST TRANSACTION
control field 20250313112628.0
010 ## - LCCN (DPL NO)
LC control number HIN-129500
020 ## - INTERNATIONAL STANDARD BOOK NUMBER
Terms of availability 240.00
International Standard Book Number 9789353792626
035 ## - SYSTEM CONTROL NUMBER
System control number HN-101846
037 ## - SOURCE OF ACQUISITION
Source of stock number/acquisition DBAD
082 ## - DEWEY DECIMAL CLASSIFICATION NUMBER
Classification number 338.88
100 ## - MAIN ENTRY--PERSONAL NAME
Personal name जैन, पायल
245 ## - TITLE STATEMENT
Title अन्तराष्ट्रीय व्यवसाय परिवेश/
Statement of responsibility, etc पायल जैन
Remainder of title IBO-1
250 ## - EDITION STATEMENT
Edition statement प्रथम
260 ## - PUBLICATION, DISTRIBUTION, ETC. (IMPRINT)
Place of publication, distribution, etc दिल्ली
Name of publisher, distributor, etc नीरज पब्लिकेशन
270 ## - ADDRESS
Address 1507, नई सड़क, दिल्ली-110006
300 ## - PHYSICAL DESCRIPTION
Extent 172पृ.;
Dimensions 23 सेमी (सजिल्द)
700 ## - ADDED ENTRY--PERSONAL NAME
Personal name पायल जैन
9 (RLIN) 79574
942 ## - ADDED ENTRY ELEMENTS (KOHA)
Source of classification or shelving scheme Dewey Decimal Classification
Item type Hindi Books
Classification part 338.88
Call number suffix जैनपा
Holdings
Withdrawn status Lost status Not for loan Home library Current library Date acquired Source of acquisition Cost, normal purchase price Full call number Barcode Copy number Cost, replacement price Koha item type
      RC3 Shakur Pur RC3 Shakur Pur 13/03/2025 DBAD 240.00 338.88 जैनपा HN-101846 1 240.00 Hindi Books

© Delhi Public Library
Hit Counter
free hit counter